Estudio documental de las artes en la comunidad de Calatayud en el siglo XVI / (Record no. 46643)
[ view plain ]
| 000 -LEADER | |
|---|---|
| campo de control de longitud fija | 00732nam a2200217 i 4500 |
| 001 - NÚMERO DE CONTROL | |
| campo de control | C00047936c |
| 005 - FECHA Y HORA DE LA ÚLTIMA TRANSACCIÓN | |
| campo de control | 20241029145822.0 |
| 008 - DATOS DE LONGITUD FIJA--INFORMACIÓN GENERAL | |
| campo de control de longitud fija | 030604 2001 sp a m 1 spa d |
| 020 ## - NÚMERO INTERNACIONAL ESTÁNDAR DEL LIBRO | |
| Número Internacional Estándar del Libro | 84-7820-551-9 |
| 080 ## - NÚMERO DE LA CLASIFICACIÓN DECIMAL UNIVERSAL | |
| Número de la Clasificación Decimal Universal | 7(460.224 Calatayud)"15" |
| 100 1# - ENTRADA PRINCIPAL--NOMBRE DE PERSONA | |
| Nombre de persona | Acerete Tejero, José Miguel. |
| 9 (RLIN) | 32082 |
| 245 10 - MENCIÓN DEL TÍTULO | |
| Título | Estudio documental de las artes en la comunidad de Calatayud en el siglo XVI / |
| Mención de responsabilidad, etc. | José Miguel Acerete Tejero. |
| 260 ## - PUBLICACIÓN, DISTRIBUCIÓN, ETC. | |
| Lugar de publicación, distribución, etc. | Calatayud : |
| Nombre del editor, distribuidor, etc. | Centro de Estudios Bilbilitanos, |
| Fecha de publicación, distribución, etc. | DL 2001. |
| 300 ## - DESCRIPCIÓN FÍSICA | |
| Extensión | 803 p. : |
| Otras características físicas | il. ; |
| Dimensiones | 24 cm. |
| 500 ## - NOTA GENERAL | |
| Nota general | Índices. |
| 500 ## - NOTA GENERAL | |
| Nota general | Resumen de la tesis univ. Zaragoza. |
| 650 #4 - PUNTO DE ACCESO ADICIONAL DE MATERIA--TÉRMINO DE MATERIA | |
| Término de materia o nombre geográfico como elemento de entrada | Arte- |
| Subdivisión geográfica | España- |
| -- | Calatayud- |
| Subdivisión cronológica | S. XVI. |
| 9 (RLIN) | 94690 |
| 852 4# - LOCALIZACIÓN | |
| Número de control de estantería | H-2518 |
| Estatus retirado | Estado de pérdida | Estado de daño | No para préstamo | Colección | Biblioteca de origen | Biblioteca actual | Ubicación en estantería | Fecha de adquisición | Fuente de adquisición | Total de préstamos | Signatura topográfica completa | Código de barras | Visto por última vez | Precio de reemplazo | Tipo de ítem Koha |
|---|---|---|---|---|---|---|---|---|---|---|---|---|---|---|---|
| Real Academia de la Bellas Artes de San Fernando | Real Academia de la Bellas Artes de San Fernando | Depósito 2 | 04/06/2003 | C | H-2518 | 1051133 | 15/10/2024 | 15/10/2024 | Fondo moderno |